Walter Scott / (Record no. 21483)
[ view plain ]
| 000 -LEADER | |
|---|---|
| fixed length control field | 00919nam a22003012a 4500 |
| 001 - CONTROL NUMBER | |
| control field | 21483 |
| 003 - CONTROL NUMBER IDENTIFIER | |
| rucl marc code | BD-RjUL |
| 005 - DATE AND TIME OF LATEST TRANSACTION | |
| control field | 20211209000706.0 |
| 008 - FIXED-LENGTH DATA ELEMENTS--GENERAL INFORMATION | |
| fixed length control field | 140304t1968 enk b 000 0beng d |
| 020 ## - INTERNATIONAL STANDARD BOOK NUMBER | |
| International Standard Book Number | 0710062230 |
| 035 ## - SYSTEM CONTROL NUMBER | |
| System control number | (BD-RjUL)21547 |
| 040 ## - CATALOGING SOURCE | |
| Original cataloging agency | DLC |
| Transcribing agency | DLC |
| Modifying agency | EQO |
| -- | BD-RjUL |
| Language of cataloging | eng |
| 041 ## - LANGUAGE CODE | |
| Language code of text/sound track or separate title | eng |
| 082 04 - DEWEY DECIMAL CLASSIFICATION NUMBER | |
| Classification number | 823.7 |
| Author mark and year | MAW 1968 |
| 100 1# - MAIN ENTRY--PERSONAL NAME | |
| Personal name | Mayhead, Robin. |
| 9 (RLIN) | 55390 |
| 245 00 - TITLE STATEMENT | |
| Title | Walter Scott / |
| Statement of responsibility, etc. | by Robin Mayhead. |
| 260 ## - PUBLICATION, DISTRIBUTION, ETC. (IMPRINT) | |
| Place of publication, distribution, etc. | London ; |
| Name of publisher, distributor, etc. | Routledge & K. Paul ; |
| Place of publication, distribution, etc. | New York : |
| Name of publisher, distributor, etc. | Humanities P, |
| Date of publication, distribution, etc. | 1968. |
| 300 ## - PHYSICAL DESCRIPTION | |
| Pagination | viii, 116 p. ; |
| Size | 19 cm |
| 490 1# - SERIES STATEMENT | |
| Series statement | Profiles in literature |
| 504 ## - BIBLIOGRAPHY, ETC. NOTE | |
| Bibliography, etc | Bibliography: p. 115-[116] |
| 600 10 - SUBJECT ADDED ENTRY--PERSONAL NAME | |
| Personal name | Scott, Walter, |
| Dates associated with a name | 1771-1832. |
| 650 #0 - SUBJECT ADDED ENTRY--TOPICAL TERM | |
| Topical term or geographic name as entry element | Authors, Scottish |
| Chronological subdivision | 19th century |
| Form subdivision | Biography |
| 9 (RLIN) | 66353 |
| Topical term or geographic name as entry element | Historical fiction |
| General subdivision | Authorship |
| 9 (RLIN) | 66354 |
| 830 #0 - SERIES ADDED ENTRY--UNIFORM TITLE | |
| Uniform title | Profiles in literature |
| 942 ## - ADDED ENTRY ELEMENTS (KOHA) | |
| Source of classification or shelving scheme | Dewey Decimal Classification |
| Koha item type | Books |
| Lost status | Source of classification or shelving scheme | Damaged status | Not for loan | Collection code | Permanent Location | Current Location | Shelving location | Date acquired | Source of acquisition | Cost, normal purchase price | Full call number | Date last seen | Copy number | Koha item type | Total Checkouts |
|---|---|---|---|---|---|---|---|---|---|---|---|---|---|---|---|
| Dewey Decimal Classification | Not For Loan | Fiction | Central Library, University of Rajshahi | Central Library, University of Rajshahi | Reading Room | 21/12/1970 | Sweets & Zeitlinger | 16.00 | 823.7 MAW 1968 | 04/03/2014 | C-1 | Books | |||
| Dewey Decimal Classification | Fiction | Central Library, University of Rajshahi | Central Library, University of Rajshahi | General Stacks | 21/12/1970 | Swets & Zeitlinger | 16.00 | 823.7 MAW 1968 | 25/01/2024 | C-2 | Books |